İşin içinde iş var!: iş hayatından kesitler (Record no. 11448)

000 -LEADER
fixed length control field 01046nmm a2200325 a 4500
001 - CONTROL NUMBER
control field ocm0001132613
003 - CONTROL NUMBER IDENTIFIER
control field TR-IsHL
005 - DATE AND TIME OF LATEST TRANSACTION
control field 20201028152301.0
008 - FIXED-LENGTH DATA ELEMENTS--GENERAL INFORMATION
fixed length control field 150709s2015 tu tur
007 - PHYSICAL DESCRIPTION FIXED FIELD--GENERAL INFORMATION
fixed length control field cr cn
020 ## - INTERNATIONAL STANDARD BOOK NUMBER
International Standard Book Number 9786059905084
035 ## - SYSTEM CONTROL NUMBER
System control number 1132613
-- (N$T)
050 04 - LIBRARY OF CONGRESS CALL NUMBER
Classification number HF5386
Item number .K37 2015
090 04 - LOCALLY ASSIGNED LC-TYPE CALL NUMBER (OCLC); LOCAL CALL NUMBER (RLIN)
Classification number (OCLC) (R) ; Classification number, CALL (RLIN) (NR) HF5386
Local cutter number (OCLC) ; Book number/undivided call number, CALL (RLIN) .K37 2015
100 1# - MAIN ENTRY--PERSONAL NAME
Personal name Karasu, Ercan
245 10 - TITLE STATEMENT
Title İşin içinde iş var!: iş hayatından kesitler
Medium [electronic resource] /
Statement of responsibility, etc. Ercan Karasu
260 ## - PUBLICATION, DISTRIBUTION, ETC.
Place of publication, distribution, etc. İstanbul :
Name of publisher, distributor, etc. Hümanist Kitap Yayıncılık,
Date of publication, distribution, etc. 2015
300 ## - PHYSICAL DESCRIPTION
Extent 169 p.
500 ## - GENERAL NOTE
General note Kaynakça var.
International Standard Serial Number (SE) [OBSOLETE]
650 #4 - SUBJECT ADDED ENTRY--TOPICAL TERM
Topical term or geographic name entry element İşletme ve Yönetim
650 #4 - SUBJECT ADDED ENTRY--TOPICAL TERM
Topical term or geographic name entry element Business and Management
650 #0 - SUBJECT ADDED ENTRY--TOPICAL TERM
Topical term or geographic name entry element İş hayatı
650 #0 - SUBJECT ADDED ENTRY--TOPICAL TERM
Topical term or geographic name entry element İş ilişkileri
650 #0 - SUBJECT ADDED ENTRY--TOPICAL TERM
Topical term or geographic name entry element İş hayatı
General subdivision Başarı
650 #0 - SUBJECT ADDED ENTRY--TOPICAL TERM
Topical term or geographic name entry element Working life
650 #0 - SUBJECT ADDED ENTRY--TOPICAL TERM
Topical term or geographic name entry element Success in business
650 #0 - SUBJECT ADDED ENTRY--TOPICAL TERM
Topical term or geographic name entry element Business connection
650 #7 - SUBJECT ADDED ENTRY--TOPICAL TERM
Topical term or geographic name entry element BUSINESS & ECONOMICS / Personal Success
Source of heading or term bisacsh
856 40 - ELECTRONIC LOCATION AND ACCESS
Uniform Resource Identifier <a href="http://search.ebscohost.com/login.aspx?direct=true&scope=site&db=e011xww&AN=1132613">http://search.ebscohost.com/login.aspx?direct=true&scope=site&db=e011xww&AN=1132613</a>
Holdings
Withdrawn status Lost status Source of classification or shelving scheme Damaged status Not for loan Collection code Permanent Location Current Location Date acquired Total Checkouts Full call number Barcode Date last seen Price effective from Koha item type
        Online   Kıbrıs Amerikan Üniversitesi Kütüphanesi / American University of Cyprus Kıbrıs Amerikan Üniversitesi Kütüphanesi / American University of Cyprus 28.10.2020   HF5386 .K37 2015 1132613 28.10.2020 28.10.2020 E-Kitap
Devinim Yazılım Eğitim Danışmanlık tarafından Koha'nın orjinal sürümü uyarlanarak geliştirilip kurulmuştur.